A Amazónia (Registo nº 5973)

Detalhes MARC
000 -Etiqueta do registo
Valores 01061nam a2200265 4500
010 ## - Número ISBN
ISBN 9722505408
021 ## - Número do Depósito Legal
Número 45273/91
100 ## - Dados gerais de processamento
Dados gerais 20211231d1991 a||y0pory5003 ba
200 1# - Titulo e menção de responsabilidade
Título próprio A Amazónia
Informação de outro título Mitos e Lendas
Primeira menção de responsabilidade Daniel Küss, il. Jean Torton
210 ## - Publicação
Local de publicação Venda Nova
Nome do editor Bertrand
Data de publicação D. L. 1991
215 ## - Descrição física 
Paginação / Volumes 46, [2] p.
Outras indicações físicas il.
225 2# - Colecção 
Título próprio da colecção Mitos e lendas
304 ## - Nota relativa ao título
Texto de nota Tít. orig.: L'Amazonie
330 ## - Sumário ou Resumo
Texto da nota O mistério da criação do dia e da noite, a lenda do Eldorado, a incrível história do homem-árvore, as façanhas dos grandes heróis indígenas. Estas e outras narrativas fascinantes nos falam dos mistérios da Amazónia, um mundo onde magia e realidade se confundem e onde o homem precisa viver em estreita harmonia com a natureza.
606 ## - Nome comum usado como assunto
ID Autoridade 14
Palavra de ordem Literatura infantil
606 ## - Nome comum usado como assunto
ID Autoridade 13
Palavra de ordem Literatura Estrangeira
675 ## - CDU
Notação 82-93 / 821.1/.8
675 ## - CDU
Notação 398.2
Edição BN
Língua por
700 ## - Autor principal (pessoa individual)
Apelido Küss
Nome Daniel
ID Autoridade 5652
701 ## - Co-autor principal (pessoa individual)
ID Autoridade 5653
Apelido Torton
Nome Jean
801 #0 - Fonte de origem
País PT
Agência BMVN
Regras de catalogação RPC
830 ## - Notas gerais do catalogador
Criado por Inês Silva
Data de criação 31/12/2021
990 ## - Elementos KOHA
Tipo de documento Livro
Exemplares
Situação do levantamento Biblioteca de origem Código de barras Cota Permissão de empréstimo Tipo de documento Forma de aquisição
  Biblioteca Municipal de Vendas Novas 100000001732 LI EST/KUS   Livro  

Powered by Koha